00326nam a22001217a 4500082002900000100001800029245004300047250000800090260004300098300001800141526003700159650000800196 a620.112bSEEcL-21, P-22 aSeely, Fred B aResistance of materialscFred B. Seely a3rd aNew YorkbJohn Wiley & Sons, Incc1955 axiv, 486 p. : a0b0c0d620_112000000000000_SEE aMCE